000 00977nam a2200265 4500
001 13627
003 ES-MaACL
005 20250905140253.0
007 t|
008 000000s19860000sp ||||0|bspa d
020 _a84-505-3639-1
080 _a929 Díaz y Pérez, Nicolás
100 1 _aRey Velasco, Fermín.
_996547
245 1 0 _aNicolás Díaz y Pérez
_b: republicano, masón, escritor, (1841-1902) /
_cFermín Rey Velasco, Antonia Barroso Dávila.
260 _aBadajoz :
_bDiputación Provincial, Departamento de Publicaciones,
_cD.L. 1986.
300 _a151 p. ;
_c17 cm.
490 1 _a¿Quién es? Biografías extremeñas ;
_v2
600 1 4 _aDíaz y Pérez, Nicolás,
_d1841-1902
_944467
700 1 _aBarroso Dávila, Antonia.
_926069
710 1 _aBadajoz (Provincia).
_bDiputación Provincial
_92081
830 0 _a¿Quién es?
_v2
_9218586
852 _aES-MaACL
_jL-21011
_bR.113577
852 _aES-MaACL
_jE-14498
999 _c13627
_d13627